| 000 | 01052cam a22003377a 4500 | ||
|---|---|---|---|
| 003 | CHAP | ||
| 005 | 20220329142651.0 | ||
| 008 | 020904d1995 mx a r 00110 spa d | ||
| 010 | _a86240 | ||
| 011 | _a87212 | ||
| 020 | _a9684098189 | ||
| 035 | _a97755 | ||
| 040 | _cCHAP | ||
| 082 | 0 | 0 |
_a630 _bC3 |
| 100 | 0 | 0 |
_aCarless, Jennifer. _918982 |
| 245 | 1 | 0 |
_aEnergía renovable : _bguía de alternativas ecológicas _c/por Jennifer Carless |
| 260 |
_aMéxico, D.F. ; _bEdamex., _c1995. |
||
| 300 |
_a245 p. ; _bilus. |
||
| 590 |
_aBATCH-UPD _b10 _c20130110 _lUCH01 _h0544 |
||
| 590 |
_aBATCH-UPD _b10 _c20130410 _lUCH01 _h0225 |
||
| 590 |
_aBATCH-UPD _b10 _c20130914 _lUCH01 _h0845 |
||
| 590 |
_aCONVERSION _b10 _c20130109 _lUCH01 _h1348 |
||
| 650 | 1 | 4 |
_aEnergía eólica. _936903 |
| 650 | 1 | 4 |
_aEnergía geotérmica. _936904 |
| 650 | 1 | 4 |
_aEnergía renovable. _936910 |
| 650 | 1 | 4 |
_aEnergía solar. _936911 |
| 901 | _aBK | ||
| 905 | _aMayto Villalobos S. | ||
| 942 | _cLIBRO | ||
| 949 |
_a630 C3 _bBC _cLIBRO _d33724000875894 _eLIBRO _h102955 _i97755 _si _t$110.00 |
||
| 999 |
_c86240 _d86240 |
||